00713cam a22002294a 450000100090000000300040000900500170001300800410003001000170007102000180008804000180010604100130012404200080013708200180014510000320016324500410019526000230023630000210025994200420028095201440032299900170046613550497OSt20231009134055.0040407s2004 miu b 001 0 eng  a 2004047166 a9781408885543 aDLCcDLCdDLC1 aenghger apcc00a823.92bRUN/G1 aRuncie, James,d1959-9971514aThe great passion b /cJames Runcie bBloomsbury,c2023. a260 p. ;c25 cm. 2ddccBKh823.92iRUN/Gk823.92mRUN/G 00102ddc40708FICaMESbMEScENGd2023-10-09l3m1o823.92 RUN/Gp42831r2026-02-13 11:32:54s2026-02-02v450.00w2023-10-09yBKzGR12R1 c42599d42599